000
00192nam a2200085Ia 4500
008
170620s9999 xx 000 0 und d
100
_a
Das-S.C
245
0
_a
Elementary Statics
260
_b
New Delhi- NCERT
260
_c
1978
999
_c
25183
_d
25183